1695 1109 1245 1192 1649 1487 1122 1695 1346 1267 1154 1337 1374 1513 1371 1301 1166 1577 1786 1373 1352 1110 1082 1098 1207 1337 1408 1477 1856 1477 1976 1293 1190 1555 1640 1410 1788 1465 1326 1297 1929 1895 1309 1118 1361 1393 1375 1480 1557 1541 1962 1188 1472 1618 1217 1332 1550 1483 1599 1024 1198 1297 1103 1138 1812 1858 1629 1521 1700 1900 1054 1063 1458 1464 1148 1016 1906 1920 1091 1670 1737 1675 1573 1467 1335 1189 1598 1995 1800 1112 1948 1294 1442 1863 1272 1436 1059 1374 1307 BCNSPRNW ULIB Ver.6.0+V

เปลี่ยนเป็นภาษาไทย

Change to English
 แสดงรายละเอียดบรรณานุกรม
  กลับหน้าหลัก

Brief Record : Get Marc (ISO 2709) : E-mail record : QR code < ปิดหน้าต่าง
LEADER : 00000nam 2200000uu 4500
001    13399113356
003     ULIB
008    111108s2549||||th 000 0 tha d
020    9749458656
060  4 QV35^bว227ค
245 00 ความปลอดภัยในการใช้สารเคมีและการปฏิบัติตัวในห้องปฏิบัติการ/^cสาขาวิชาเภสัชเคมีและเภสัชเวท คณะเภสัชศาสตร์ มหาวิทยาลัยศรีนครินทรวิโรฒ ; วรพรรณ สิทธิถาวร, บรรณาธิการ
260    [นครนายก] :^bคณะเภสัชศาสตร์ มหาวิทยาลัยศรีนครินทรวิโรฒ,^c2549
300    vi, 74 หน้า :^bภาพประกอบ ;^c21 ซม
650  7 ความปลอดภัยในห้องปฏิบัติการ
650  7 สารเคมี
650  7 ห้องปฏิบัติการ
700 0  วรพรรณ สิทธิถาวร,^eบรรณาธิการ
710 2  มหาวิทยาลัยศรีนครินทรวิโรฒ. ^bคณะเภสัชศาสตร์.^bสาขาวิชาเภสัชเคมีและเภสัชเวท
945    ^p109^l0^i14328
995    กัณชพร
999    ^aใช้งานได้ทุกระบบ
รายการนี้ยังไม่มีแท็ก
คุณยังไม่ได้ล็อกอิน คุณสามารถมีกิจกรรมร่วมกับเว็บไซต์ได้ แต่ต้องล็อกอินก่อน ::
  ล็อกอิน

รายการสื่อสารสนเทศ

ลำดับที่ ประเภท เลขเรียก/บาร์โค้ด สถานที่ สถานะ
- ไม่พบข้อมูล -

รายการใกล้เคียง
    หัวเรื่อง [สารเคมี]
    หัวเรื่อง [ห้องปฏิบัติการ]

BibComment


ยังไม่เคยถูกคอมเมนท์

คอมเมนท์ทรัพยากรรายการนี้
  คอมเมนท์: ความปลอดภัยในการใ..


 Copyright 2026. Bcnsprnw @Library